Catchin' Some Z's Quiz Stats

Quiz Updated Jul 13, 2016

Challenge
Share
Tweet
Embed
Score 0/36 Timer 08:00
0 Plays Today
% Correct
Blitzen
72.6%
Arizona
71.4%
Sneezy
68.9%
Brazil
67.1%
... The Prisoner of Azkaban
62.6%
Jazz
60.4%
Venezuela
53.7%
New Zealand
53.5%
topaz
48.4%
Czechia
47.2%
Kazakhstan
46.4%
Belize
46.1%
Uzbekistan
46%
Switzerland
43.1%
Mozambique
41%
Tanzania
39.1%
Azerbaijan
37.8%
Kyrgyzstan
35.3%
% Correct
Grizzlies
34.6%
Elizabeth I
33.8%
Wizards
33.3%
Elizabeth II
32.8%
Swaziland
29.2%
Bosnia and Herzegovina
27%
Trail Blazers
26.3%
Merlin the Wizard
24.4%
Ezekiel
23.2%
George Lazenby
22.7%
Ezra
18.3%
Martin Chuzzlewit
5.5%
St. Moritz
5.2%
trapezoid
4.2%
trapezium
3.8%
Pfizer
2.9%
Verizon Communications
2.2%
Cortina d'Ampezzo
1.7%

You're not logged in!

Compare scores with friends on all Sporcle quizzes.
Sign Up with Email
OR
Log In

You Might Also Like...

Show Comments

Extras

Top Quizzes Today


Score Distribution

Your Account Isn't Verified!

In order to create a playlist on Sporcle, you need to verify the email address you used during registration. Go to your Sporcle Settings to finish the process.